000 01010nam a22002417i 4500
001 179341
003 ES-MaACL
005 20230906220747.0
008 111107s1945 sp | |||| ||spa d
040 _aSpMaBN
_bspa
_cSpMaBN
_erdc
080 _a821.134.2-14"19"
100 1 _aMas y Ros, Ramón.
_9148481
245 1 0 _aVuelo de la rosa verde
_b: (selección) /
_cRamón Más y Ros.
260 _aMadrid :
_b[Consejo Superior de Investigaciones Científicas],
_c1945.
300 _a29 p. ;
_c21 cm.
490 1 _aAntología de la literatura contemporánea ;
_v3
490 1 _aSuplemento tercero de "Cuadernos de literatura contemporánea" del Consejo Superior de Investigaciones Científicas
594 _aTít. tomado de la cub.
830 0 _aAntología de la literatura contemporánea ;
_v3
_9224445
830 0 _aSuplemento tercero de "Cuadernos de literatura contemporánea" del Consejo Superior de Investigaciones Científicas
_9224449
852 _aES-MaACL
_jE-3514
999 _c179341
_d179341